000 00753aam a2200277 i 4500
001 768714001
003 CO-MdFUSB
005 20250516152942.0
007 ta
008 250516t1995 gt |||| |||| 00| 0 spa d
040 _cCO-MdFUSB
041 0 _aspa
082 0 4 _223
_a248.11
_bY542m
100 1 _aYoder, John Howard
_eautor
245 1 3 _aEl ministerio de todos :
_bcreciendo hacia la plenitud de Cristo
_c/ John H. Yoder
264 1 _bEdiciones Semilla,
_aGuatemala :
_c[1995]
264 4 _c©1995
300 _a123 páginas
336 _atexto
_btxt
_2rdacontent
337 _2rdamedia
_asin mediación
_bn
338 _2rdacarrier
_avolumen
_bnc
563 _aRústico
650 0 _aVida cristiana
_919
942 _cBK
945 _aJTF-925
999 _c35646
_d35646